000 00658nam a2200277Ia 4500
005 20260324124050.0
008 008 260324s9999 xx 000 0 eng d
020 _a9780203830284
037 _aEBOOK
040 _aCRL
040 _beng
040 _cCRL
041 _2eng
041 _aeng
084 _qCRL
100 _aGerd Bayer; Ebbe Klitgard
_91172707
245 0 _aNarrative Developments from Chaucer to Defoe
260 _bTaylor and Francis
260 _c2011
365 _a
365 _b255
856 _uhttp://www.taylorfrancis.com/books/9780203830284
942 _cEBOOK
999 _c1766791
_d1766791